Statistics for Sound of Music Quiz

Click here to take the quiz!

General Stats

  • This quiz has been taken 149 times
  • The average score is 13 of 24

Answer Stats

HintAnswer% Correct
The name of the rebellious nun who becomes a governess for the Von Trapp children.Maria
97%
The 4th Von TrappKurt
83%
The 7th Von TrappGretl
76%
The oldest Von Trapp girl.Liesl
75%
Finish the lyric: "When the dog bites, when the bee stings_____________"When I'm feeling sad
75%
Finish the lyric: "Let's start at the very beginning, ______________"A very good place to start
73%
The 5th Von TrappBrigitta
70%
The 3rd Von TrappLouisa
69%
The 6th Von TrappMarta
69%
Finish the lyric: "A flibbertijibbet! A will-o'-the wisp _______"A clown
66%
The boy the eldest daughter fell in love with.Rolf
66%
The Captain's nameGeorg von Trapp
61%
What year does the movie take place in?1938
57%
The oldest Von Trapp boy.Friedrich
57%
Finish the lyric: "Small and white, clean and bright_____________"You look happy to meet me
51%
Finish the lyric: "I have confidence in sunshine I have confidence in rain. ______________"I have confidence that spring will come again
45%
Finish the lyric: "Perhaps I had a wicked childhood ____________________"Perhaps I had a miserable youth
37%
Finish the lyric: "I am sixteen, going on seventeen. _______________"I know that I'm naive
32%
Finish the lyric: "To laugh like a brook when it _________"Trips and falls over stones on it's way
28%
Finish the lyric: "Climb every mountain ford every stream ______________"Follow every rainbow till you find your dream
25%
Finish the lyric: "Regretfully they tell us but ____________"Firmly they compel us to say goodbye to you
17%
The woman the captain was engaged to before MariaBaroness Schraeder
14%
The name of the man the children call "Uncle Max"Herr Detweiler
11%
What is the festival the family sings at called?The Salzburg Festival
5%

Score Distribution

Percentile by Number Answered

Percent of People with Each Score

Your Score History

You have not taken this quiz